Rýchla kuchárka : [300 rýchlych a chutných receptov na výborné jedlá pre celú rodinu /
Uložené v:
| Ďalší autori: | |
|---|---|
| Médium: | Kniha |
| Jazyk: | Slovak English |
| Vydané: |
Bratislava :
Reader's Digest Výber,
2003.
|
| Vydanie: | 1. vyd. |
| Témy: | |
| ISBN: |
8088983339 (viaz.) |
| Fyzický popis: |
320 s. : fotogr. ; 29 cm. |
| Tagy: |
Pridať tag
Žiadne tagy, Buďte prvý kto otaguje tento záznam!
|
Titul je dostupný aj v ... 

MARC
| LEADER | 00000nam a2200000 a 4500 | ||
|---|---|---|---|
| 001 | 000215212 | ||
| 005 | 20081104105212.0 | ||
| 008 | 080708s2003 xo o g 001 0 slo d | ||
| 020 | |a 8088983339 (viaz.) | ||
| 040 | |a SVKKK |b slo |c SVKKK |e AACR2 | ||
| 041 | 1 | |a slo |h eng | |
| 044 | |a xo |c SK | ||
| 072 | 7 | |a 641 |x Kuchárstvo. Potraviny. Varené jedlá |2 konspekt | |
| 080 | |a 641.55 |2 2001 | ||
| 080 | |a (083.12) |2 2001 | ||
| 240 | 1 | 0 | |a 30 Minute Cookbook. |l Slovensky |
| 245 | 0 | 0 | |a Rýchla kuchárka : |b [300 rýchlych a chutných receptov na výborné jedlá pre celú rodinu / |c [do slovensčiny preložila: Oľga Jesenská]. |
| 250 | |a 1. vyd. | ||
| 260 | |a Bratislava : |b Reader's Digest Výber, |c 2003. | ||
| 300 | |a 320 s. : |b fotogr. ; |c 29 cm. | ||
| 500 | |a Preklad z angl. orig. | ||
| 500 | |a Údaj o prekl. prevzatý z rubu titul. strany | ||
| 500 | |a Fotogr. na fronte | ||
| 504 | |a Register: s. 313-320 | ||
| 650 | 0 | 7 | |a jedlá |2 SVKKKPH |
| 655 | 7 | |a kuchárske recepty |2 SVKKKPH | |
| 700 | 1 | |a Jesenská, Oľga |4 trl | |
| 765 | 0 | |t 30 Minute Cookbook. Slovensky | |
| 910 | |a svkkk | ||
| 919 | |a 80-88983-33-9 | ||
| 998 | |a BK | ||
| 090 | |g SCKHL |k Sklad Hlavná 10 prízemie |a V.220493 |j 1001747 |i 2720105582 |s Absenčne | ||